Obscure Knowledge - Countries of Europe Quiz Stats

 Plays Quiz Updated Feb 13, 2019

Score 0/47 Timer 02:00
35 Plays Today
Percent Guessed Country % Correct
96.6%???
100%
96.1%???
98.9%
96.0%???
97.8%
95.9%???
97.1%
95.8%???
96.9%
95.5%???
96.6%
95.2%???
96.4%
94.6%???
96.3%
93.9%???
96.2%
92.5%???
96%
92.1%???
95.9%
91.8%???
95.6%
91.5%???
95.4%
90.5%???
94.9%
88.8%???
94.4%
88.4%???
94.3%
87.6%???
94.1%
86.1%???
94.1%
85.9%???
94%
85.3%???
93.8%
83.4%???
93.7%
82.5%???
93.3%
79.8%???
93.1%
78.5%???
92.9%
Percent Guessed Country % Correct
77.6%???
91.8%
77.1%???
91.4%
76.9%???
90.4%
76.1%???
90.2%
72.9%???
88.6%
72.5%???
88.2%
71.5%???
86.6%
69.6%???
85.1%
68.3%???
82.4%
68.2%???
82%
68.1%???
81%
66.2%???
80.6%
65.5%???
78.7%
65.4%???
76.1%
62.9%???
74.8%
62.3%???
67.6%
61.9%???
65.4%
59.5%???
61.2%
58.6%???
58.6%
57.5%???
55%
54.4%???
45.2%
53.7%???
35.6%
52.1%???
23.2%

You're not logged in!

Compare scores with friends on all Sporcle quizzes.
OR
Log In

You Might Also Like...

Show Comments

Extras

Top Quizzes Today


Score Distribution

Your Account Isn't Verified!

In order to create a playlist on Sporcle, you need to verify the email address you used during registration. Go to your Sporcle Settings to finish the process.

Report this User

Report this user for behavior that violates our Community Guidelines.

Details: